00553nam a2200169Ia 4500003000900000008004100009020002200050040001600072080002300088245010600111260003100217300001400248490005100262650002300313650001900336700002800355IN-BaIIA211028s9999 xx 000 0 eng d a978-3-642-39267-2 cIIA Library a52(082.1)bASS-400 4aThe coronas-f space missionbkey results for solar terrestrial physicscedited by Vladimir Kuznetsov  aHeidelbergbSpringerc2014 axi, 483p. aAstrophysics and space science library; v. 400 aScience - Astronom aSolar activity aKuznetsov, Vladimir ed.